Самые большие города, заканчивающиеся на -бург - Statistics

General Stats
  • This quiz has been taken 2 877 times
  • The average score is 3 of 10
Answer Stats
Население Город % Correct
5,376,632 Санкт-Петербург
83%
1,852,478 Гамбург
60%
1,495,066 Екатеринбург
59%
572,819 Оренбург
32%
14,167,000 Йоханнесбург
21%
524,900 Эдинбург
20%
287,228 Страсбург
18%
300,286 Питтсбург
9%
491,231 Дуйсбург
4%
475,238 Питермарицбург
1%
No matching quizzes found
Score Distribution
Percent of People with Each Score
Percentile by Number Answered
Your Score History
You have not taken this quiz